<?xml version="1.0" encoding="UTF-8"?>
<collection xmlns="http://www.loc.gov/MARC21/slim">
  <record>
    <leader>00000nam  2200000   4500</leader>
    <controlfield tag="001">INLIS000000000006757</controlfield>
    <controlfield tag="005">20250124011645</controlfield>
    <datafield tag="035" ind1="#" ind2="#">
      <subfield code="a">0010-0622000618</subfield>
    </datafield>
    <datafield tag="245" ind1="1" ind2="#">
      <subfield code="a">Mahir Menulis :</subfield>
      <subfield code="b">Kiat Jitu Menulis Artikel Opini, Kolom, dan Resensi Buku /</subfield>
      <subfield code="c">Prof. Mudrajad Kuncoro, Ph.D; Editor, Yayat Sri Hayati; Wibi Hardani, M.M</subfield>
    </datafield>
    <datafield tag="100" ind1="1" ind2="#">
      <subfield code="a">KUNCORO, Mudrajad</subfield>
    </datafield>
    <datafield tag="300" ind1="#" ind2="#">
      <subfield code="a">xiv, 154 halaman :</subfield>
      <subfield code="b">Tabel; gambar ;</subfield>
      <subfield code="c">17.5x25 cm</subfield>
      <subfield code="e">bibliografi; indeks; biografi</subfield>
    </datafield>
    <datafield tag="260" ind1="#" ind2="#">
      <subfield code="a">Jakarta :</subfield>
      <subfield code="b">Erlangga,</subfield>
      <subfield code="c">2010</subfield>
    </datafield>
    <controlfield tag="008">250124################g##########0#ind##</controlfield>
    <datafield tag="020" ind1="#" ind2="#">
      <subfield code="a">(13)978-979-075-288-7</subfield>
    </datafield>
    <datafield tag="650" ind1="#" ind2="4">
      <subfield code="a">Teknik Penulisan Profesional</subfield>
    </datafield>
    <datafield tag="650" ind1="#" ind2="4">
      <subfield code="a">Sumbangan Pegawai 2021</subfield>
    </datafield>
    <datafield tag="082" ind1="#" ind2="#">
      <subfield code="a">808.066</subfield>
    </datafield>
    <datafield tag="084" ind1="#" ind2="#">
      <subfield code="a">808.066 KUN m</subfield>
    </datafield>
    <datafield tag="250" ind1="#" ind2="#">
      <subfield code="a">Cetakan 2</subfield>
    </datafield>
    <datafield tag="700" ind1=" " ind2="#">
      <subfield code="a">YAYAT Sri Hayati (editor)</subfield>
    </datafield>
    <datafield tag="700" ind1=" " ind2="#">
      <subfield code="a">WIBI Hardani (editor)</subfield>
    </datafield>
    <datafield tag="520" ind1="#" ind2="#">
      <subfield code="a">Buku ini mengupas dari sisi lain, lebih pada pengalaman praktis, dengan plus-minusnya. Sebagai kolumnis dan penulis buku yang produktif.</subfield>
    </datafield>
    <datafield tag="856" ind1="#" ind2="#">
      <subfield code="a">OPAC (Ruang Sirkulasi - Rak 16)</subfield>
    </datafield>
    <datafield tag="990" ind1="#" ind2="#">
      <subfield code="a">39/SP-21</subfield>
    </datafield>
  </record>
</collection>
